000 00618nam a2200229Ia 4500
001 2255
003 GE_BSU
008 181216s||||||||xx |||||||||||||| ||und||
020 _a5937721233
040 _cGE_BSU
080 _a681.3.06(075.8)
100 _aПрата,Стивен
245 _aЯзык программирования С++Лекции и упражнения
245 _bУчебник.
260 _aМосква
260 _bДиасофт
260 _c2005
300 _a1104стр. 24см.
541 _h50л.
653 _aЯзык программирования С++
942 _cBK
999 _c36345
_d36345